000 00514nam a2200193Ia 4500
003 OSt
005 20220925203957.0
006 a|||||r|||| 00| 0
007 ta
008 220923b |||||||| |||| 00| 0 eng d
037 _cGeneral Book
040 _aRTL
_cRTL
_beng
041 _2eng
_aeng
245 0 _aResult of the fourth (first position) five year plan of U.S.S.R in 1946-50
260 _aforeign
_blanguage
_c1951
300 _a32p
_ccm.
942 _cGB
_2CC
999 _c548244
_d548244